000 00573nam a2200229Ia 4500
003 OSt
005 20221005123741.0
006 a|||||r|||| 00| 0
007 ta
008 221004b |||||||| |||| 00| 0 mal d
024 _a59312
037 _cTextual
040 _aCRL
_cCRL
_bmal
041 _2mal
_amal
082 _aV2:52xM69:g, 32K9
100 _aRadhakrishnan
245 0 _aMahatma gandhi 100 varshangal
260 _c1969
650 _aHISTORY
942 _hV2:52xM69:g, 32K9
_cTEXL
_2cc
999 _c1048367
_d1048367